[Event "IPCA Wch 21st"]
[Site "Ashdod"]
[Date "2022.05.13"]
[Round "6"]
[White "Freiberg, Doron"]
[Black "Mekus, Manuela"]
[Result "0-1"]
[WhiteElo "1244"]
[BlackElo "1644"]
[PlyCount "82"]
[EventDate "2022.05.09"]
[EventType "swiss"]
[EventRounds "9"]
[EventCountry "ISR"]
[SourceTitle "CBM 208 Extra"]
[Source "ChessBase"]
[SourceDate "2022.07.31"]
[SourceVersion "1"]
[SourceVersionDate "2022.07.31"]
[SourceQuality "1"]

1. d4 Nf6 2. Nf3 g6 3. g3 Bg7 4. Bg2 d6 5. 0-0 0-0 6. c4 Nbd7 7. Nc3 e5 8. d5 a5 9. Bg5 h6 10. Bd2 Nc5 11. Qc1 Kh7 12. Be3 Nfe4 13. Nd2 Nxd2 14. Qxd2 f5 15. Bxc5 dxc5 16. Na4 Qd6 17. Nc3 c6 18. Rad1 e4 19. f3 e3 20. Qc2 Bd4 21. dxc6 bxc6 22. f4 Rb8 23. Kh1 Be6 24. Rf3 Qc7 25. b3 Kg7 26. Rb1 Bd7 27. Nd1 Rbe8 28. Qc1 g5 29. fxg5 hxg5 30. Nxe3 g4 31. Nxf5+ Bxf5 32. Qg5+ Bg6 33. Rxf8 Rxf8 34. Be4 Qd6 35. Rd1 Qe6 36. Bd3 Rf2 37. Rc1 Rxe2 38. Rf1 Re1 39. Qxg6+ Qxg6 40. Rxe1 Qxd3 41. Rf1 Qe2 0-1